|
|
|
|
| LEADER |
00849nam a22002412a 4500 |
| 001 |
000176391 |
| 003 |
CZ BrMZK |
| 005 |
19970103143423.0 |
| 008 |
970103s1991 xr f cze d |
| 015 |
|
|
|a cnb000066920
|
| 020 |
|
|
|a 80-01-00711-1
|
| 035 |
|
|
|a (OCoLC)85681138
|
| 040 |
|
|
|a BOA001
|b cze
|
| 080 |
|
|
|a 625.14.001.24(075.8)
|2 MRF
|
| 100 |
1 |
|
|a Krejčiříková, Hana,
|d 1950-
|7 jn20010309632
|
| 245 |
1 |
0 |
|a Železniční stavby ;
|b Výpočtové modely železničního svtršku : doplňkové skriptum /
|c Hana Krejčiříková
|
| 250 |
|
|
|a 1. vyd.
|
| 260 |
|
|
|a Praha :
|b České vysoké učení technické,
|c 1991
|
| 300 |
|
|
|a 58 s.
|
| 740 |
0 |
2 |
|a Výpočtové modely železničního svtršku
|
| 910 |
|
|
|a BOA001
|b TK-A-0248.797
|
| 990 |
|
|
|a BK
|
| 996 |
7 |
|
|b 2629988983
|c TK-A-0248.797
|l MZK
|r Sklad / do 24 hodin
|n 2
|w 000176391
|u 000010
|a 1
|e BOA001
|j MZK50
|s A
|